| 000 | 00426nam a2200145Ia 4500 | ||
|---|---|---|---|
| 008 | 230917s9999||||xx |||||||||||||| ||und|| | ||
| 040 |
_e63854 _aMAIN |
||
| 041 | _aEnglish | ||
| 082 | _a515.353 B996P | ||
| 100 | _aByrnes, Christopher I, ed | ||
| 245 | 0 | _aPartial differential equations and geometry; proceedings of the park city conference | |
| 260 |
_aNew York _bMarcel Dekker _c1979 |
||
| 300 | _ax, 323 p. | ||
| 942 | _cBK | ||
| 999 |
_c206999 _d206999 |
||